01242nam a2200253Ia 450000500170000000800410001702000180005804000180007604100080009408200200010210000280012224501070015025000120025726000350026930000240030465000370032865000270036565000470039294200290043999900190046895201670048795201670065495201670082120220719120603.0210716s2012 xx 000 0 und d a9780120510511 cAIMIT LIBRARY aeng a519.2 22bALLA aAllen, Arnold O.951169 aProbability statistics and queueing theory: bwith computrt science applications /cBy Arnold O Allen. a2nd ed. aNew Delhi :bElsevier ,c2012. axxi,740p. ;c23 cm. aProbability distributions951170 aQueueing theory951171 aRegression and correlation analysis951172 2ddccBKe2ndk519.2 ALLA c193961d193961 00102ddc40708MCAaAIMITbAIMITeKnowledge Worldg465.00iBill no:173; Bill dt:2014-07-12l0o519.2 ALLApMCA13469r2025-07-21 00:00:00v348.75w2021-07-16yBK 00102ddc40708MCAaAIMITbAIMITeKnowledge Worldg465.00iBill no:173; Bill dt:2014-07-12l0o519.2 ALLApMCA13470r2025-07-21 00:00:00v348.75w2021-07-16yBK 00102ddc40708MCAaAIMITbAIMITeKnowledge Worldg465.00iBill no:446; Bill dt:2015-03-20l0o519.2 ALLApMCA13984r2025-07-21 00:00:00v348.75w2021-07-16yBK